000 00744nam a2200205 i 4500
001 102313
003 ES-MaACL
005 20250831071313.0
007 t|
008 051108s1916 mx ||||1| spa d
100 1 _aMenéndez Mena, Rodolfo.
_980304
245 1 3 _aLa obra del clero y la llamada persecución religiosa en México
_b: defensa de la política reformista y anticlerical del Constitucionalismo /
_cRodolfo Menéndez Mena.
260 _aMéxico :
_b[s.n.],
_c1916.
610 2 4 _aIglesia Católica-
_zMéxico
_94653
650 0 4 _aIglesia y Estado-
_zMéxico
_913567
650 4 _aPersecuciones religiosas-
_zMéxico.
_9159000
852 _aES-MaACL
_j1555-F-10
852 _aES-MaACL
_j1589-F-18
999 _c102313
_d102313